[Event "25. Torneo San Viator 2015 - Torneo B"]
[Site "Madrid ESP"]
[Date "2015.10.04"]
[Round "1.1"]
[White "Insua Rodriguez, Antonio"]
[Black "Jimenez Alvaro, Angel"]
[Result "0-1"]
[WhiteElo "1431"]
[BlackElo "1742"]
[PlyCount "40"]
[EventDate "2015.10.04"]
[EventType "swiss"]
[EventRounds "9"]
[EventCountry "ESP"]
[Source "lmi"]
[SourceDate "2015.10.04"]

1. Nc3 d5 2. d4 Nf6 3. Bg5 g6 4. Qd2 Bf5 5. Bxf6 exf6 6. f3 h5 7. e3 Nc6 8. Bb5
a6 9. Bxc6+ bxc6 10. Na4 Rb8 11. Qe2 Bh6 12. g4 hxg4 13. fxg4 Be4 14. Nf3 Qe7
15. O-O Qd6 16. Rf2 Kf8 17. Raf1 Re8 18. Nc5 Bxf3 19. Qxf3 Bxe3 20. Qxf6 Qxh2#
0-1

[Event "25. Torneo San Viator 2015 - Torneo B"]
[Site "Madrid ESP"]
[Date "2015.10.04"]
[Round "1.2"]
[White "San Felipe Gonzalez, Tomas"]
[Black "Aguilera Prada, Alejandro"]
[Result "1/2-1/2"]
[WhiteElo "1732"]
[BlackElo "1426"]
[PlyCount "67"]
[EventDate "2015.10.04"]
[EventType "swiss"]
[EventRounds "9"]
[EventCountry "ESP"]
[Source "lmi"]
[SourceDate "2015.10.04"]

1. d4 Nf6 2. c4 g6 3. Nc3 Bg7 4. e4 d6 5. f3 O-O 6. Be3 Nbd7 7. Bd3 e5 8. d5
Nc5 9. Nge2 Nxd3+ 10. Qxd3 b6 11. O-O a6 12. g4 h5 13. g5 Nh7 14. Qd2 f6 15.
gxf6 Bxf6 16. Ng3 Bh3 17. Rf2 h4 18. Nge2 g5 19. Kh1 Kh8 20. Ng1 Bd7 21. h3 Rg8
22. Kh2 Nf8 23. Rg2 Ng6 24. Bxg5 Bxg5 25. Qxg5 Qxg5 26. Rxg5 Nf4 27. Rxg8+ Rxg8
28. Nce2 Rg2+ 29. Kh1 Rf2 30. Nxf4 exf4 31. b3 Kg7 32. a3 Kf6 33. b4 Ke5 34.
Rd1 1/2-1/2

[Event "25. Torneo San Viator 2015 - Torneo B"]
[Site "Madrid ESP"]
[Date "2015.10.04"]
[Round "1.3"]
[White "Benitez Robles, Antonio"]
[Black "Manso Santamaria, Juan Carlos"]
[Result "1-0"]
[WhiteElo "1425"]
[BlackElo "1707"]
[PlyCount "63"]
[EventDate "2015.10.04"]
[EventType "swiss"]
[EventRounds "9"]
[EventCountry "ESP"]
[Source "lmi"]
[SourceDate "2015.10.04"]

1. e4 e6 2. d4 d5 3. exd5 exd5 4. Nc3 Nf6 5. Nf3 c6 6. Be2 Bd6 7. O-O O-O 8. a4
Bf5 9. Rb1 a5 10. Kh1 Nbd7 11. Nh4 Be6 12. f4 Ne4 13. Nf3 Ndf6 14. Ne5 Qc7 15.
Bf3 Nxc3 16. bxc3 Ne4 17. Qe1 f6 18. Bxe4 dxe4 19. f5 Bd5 20. Ng4 h5 21. Ne3
Bf7 22. g3 Rfe8 23. Qf2 Rad8 24. Rg1 b5 25. g4 bxa4 26. Qh4 hxg4 27. Rxg4 Kf8
28. Qh8+ Bg8 29. Nc4 Bxh2 30. Ba3+ Bd6 31. Rbg1 Bxa3 32. Rxg7 1-0

[Event "25. Torneo San Viator 2015 - Torneo B"]
[Site "Madrid ESP"]
[Date "2015.10.04"]
[Round "1.4"]
[White "Munoz Cebey, Ricardo"]
[Black "Aranda Perez, Ivan"]
[Result "1-0"]
[WhiteElo "1693"]
[BlackElo "1420"]
[PlyCount "83"]
[EventDate "2015.10.04"]
[EventType "swiss"]
[EventRounds "9"]
[EventCountry "ESP"]
[Source "lmi"]
[SourceDate "2015.10.04"]

1. c4 d6 2. g3 g6 3. Bg2 Bg7 4. Nc3 Nf6 5. Nf3 e5 6. d3 O-O 7. O-O Nc6 8. Rb1
Be6 9. b4 a6 10. a4 Ne7 11. Ng5 Bc8 12. Qb3 h6 13. Nf3 c6 14. b5 axb5 15. axb5
c5 16. Bb2 Be6 17. Ra1 Rxa1 18. Rxa1 b6 19. Ra6 Bc8 20. Ra7 Be6 21. Qa2 Nc8 22.
Ra8 Qc7 23. Nd2 Bd7 24. Qa6 Be6 25. Bb7 Ne7 26. Ra7 Nc8 27. Bxc8 Qxc8 28. Qxb6
d5 29. Rc7 Qa8 30. Qxc5 dxc4 31. dxc4 Rd8 32. Nf3 e4 33. Ra7 Qb8 34. Nd4 Bf8
35. Qc7 Qxc7 36. Rxc7 Rxd4 37. Nxe4 Rxe4 38. Bxf6 Rxc4 39. Ra7 Bh3 40. Ra1 Bc5
41. Ra8+ Kh7 42. Rh8# 1-0

[Event "25. Torneo San Viator 2015 - Torneo B"]
[Site "Madrid ESP"]
[Date "2015.10.04"]
[Round "1.5"]
[White "Martin Rodriguez, Jose Luis"]
[Black "Sadaba Rodriguez, Igor"]
[Result "0-1"]
[WhiteElo "1413"]
[BlackElo "1693"]
[PlyCount "100"]
[EventDate "2015.10.04"]
[EventType "swiss"]
[EventRounds "9"]
[EventCountry "ESP"]
[Source "lmi"]
[SourceDate "2015.10.04"]

1. e4 c6 2. d4 d5 3. e5 Bf5 4. Nc3 e6 5. g4 Bg6 6. Nge2 h5 7. Nf4 Bh7 8. Nxh5
Nd7 9. h4 c5 10. Be3 a6 11. a4 Rc8 12. Ne2 cxd4 13. Nxd4 Nxe5 14. f4 Nc4 15.
Bxc4 Rxc4 16. c3 Bg6 17. f5 Bxh5 18. gxh5 e5 19. Nf3 Re4 20. Kf2 Nh6 21. Bxh6
Rxh6 22. b4 Qb6+ 23. Kg3 d4 24. Re1 Re3 25. Rxe3 dxe3 26. Kg4 Qc6 27. Qe1 Qe4+
28. Kg3 Qf4+ 29. Kg2 Rxh5 30. Qg3 Qxf5 31. Nd4 Qf4 32. Qxf4 exf4 33. Nf3 Be7
34. Rd1 Bxh4 35. Nxh4 Rxh4 36. Kf3 g5 37. Rd4 Rh3+ 38. Kg4 Rg3+ 39. Kf5 Ke7 40.
Re4+ Kd6 41. Rd4+ Kc7 42. Re4 Rg2 43. Re7+ Kc6 44. Re4 e2 45. Rc4+ Kd7 46. Rd4+
Kc8 47. Re4 f3 48. Re8+ Kd7 49. Re3 f2 50. Rxe2 f1=Q+ 0-1

[Event "25. Torneo San Viator 2015 - Torneo B"]
[Site "Madrid ESP"]
[Date "2015.10.04"]
[Round "1.7"]
[White "Jimenez Perez, Federico"]
[Black "Serrano Gonzalez, Oscar"]
[Result "0-1"]
[WhiteElo "1371"]
[BlackElo "1665"]
[PlyCount "126"]
[EventDate "2015.10.04"]
[EventType "swiss"]
[EventRounds "9"]
[EventCountry "ESP"]
[Source "lmi"]
[SourceDate "2015.10.04"]

1. e4 c5 2. Nf3 d6 3. Bb5+ Nd7 4. O-O a6 5. Bxd7+ Bxd7 6. c3 Nf6 7. e5 Ng4 8.
exd6 exd6 9. Re1+ Be7 10. d4 O-O 11. dxc5 dxc5 12. Na3 b5 13. Qd5 Be6 14. Qe4
Nf6 15. Qe2 Re8 16. Bg5 Qb6 17. b3 Nd5 18. Qc2 Qa5 19. Nb1 Rac8 20. Bxe7 Rxe7
21. a4 Rce8 22. Ng5 Bf5 23. Rxe7 Rxe7 24. Qd2 h6 25. Nf3 Be4 26. b4 cxb4 27.
cxb4 Qxb4 28. Qxb4 Nxb4 29. axb5 axb5 30. Nc3 Bd3 31. h3 Rc7 32. Ra3 Nc2 33.
Ra8+ Kh7 34. Nd5 Rb7 35. Nd2 b4 36. f4 b3 37. g4 b2 38. Nc3 Rc7 39. Na4 Rb7 40.
Nc3 Nd4 41. Kf2 b1=Q 42. Ncxb1 Bxb1 43. Nxb1 Rxb1 44. Ke3 Ne6 45. h4 Rb3+ 46.
Ke4 Rb4+ 47. Ke5 Rxf4 48. Ra7 Rxg4 49. Rxf7 Nc5 50. h5 Rg5+ 51. Rf5 Rxf5+ 52.
Kxf5 Nd7 53. Kg4 g6 54. hxg6+ Kxg6 55. Kh4 Nf6 56. Kh3 Kg5 57. Kg3 h5 58. Kh3
h4 59. Kh2 Kg4 60. Kg2 h3+ 61. Kh2 Ne4 62. Kh1 Kg3 63. Kg1 h2+ 0-1

[Event "25. Torneo San Viator 2015 - Torneo B"]
[Site "Madrid ESP"]
[Date "2015.10.04"]
[Round "1.8"]
[White "Rendo Quindos, Pedro"]
[Black "Rojo Jorge, Angel"]
[Result "1-0"]
[WhiteElo "1662"]
[BlackElo "1364"]
[PlyCount "63"]
[EventDate "2015.10.04"]
[EventType "swiss"]
[EventRounds "9"]
[EventCountry "ESP"]
[Source "lmi"]
[SourceDate "2015.10.04"]

1. e4 c5 2. b3 Nf6 3. e5 Nd5 4. Bb2 Nc6 5. Nf3 d6 6. Bb5 Bd7 7. d4 Qa5+ 8. Qd2
Qxb5 9. c4 Qb4 10. cxd5 Qxd2+ 11. Nbxd2 Nb4 12. O-O Nxd5 13. Nc4 Bb5 14. Rfe1
g6 15. exd6 Bg7 16. dxc5 Bxb2 17. Nxb2 b6 18. cxb6 axb6 19. a4 Ba6 20. Rad1 e6
21. Rxd5 Kd7 22. Ne5+ Ke8 23. d7+ Kd8 24. Nxf7+ Ke7 25. Nxh8 Rxh8 26. d8=Q+
Rxd8 27. Rxd8 Kxd8 28. Rxe6 Kc7 29. Re7+ Kd6 30. Rxh7 Ke5 31. Nc4+ Bxc4 32.
bxc4 1-0

[Event "25. Torneo San Viator 2015 - Torneo B"]
[Site "Madrid ESP"]
[Date "2015.10.04"]
[Round "1.9"]
[White "Lianes Garcia, Alicia"]
[Black "Marcelo De La Mata, Daniel"]
[Result "0-1"]
[WhiteElo "1359"]
[BlackElo "1656"]
[PlyCount "94"]
[EventDate "2015.10.04"]
[EventType "swiss"]
[EventRounds "9"]
[EventCountry "ESP"]
[Source "lmi"]
[SourceDate "2015.10.04"]

1. e4 c6 2. d4 d5 3. Nc3 dxe4 4. Nxe4 Bf5 5. Ng3 Bg6 6. Bc4 Nf6 7. N1e2 e6 8.
O-O Bd6 9. f4 O-O 10. f5 exf5 11. Nxf5 Nd5 12. Bxd5 cxd5 13. Nc3 Bb4 14. Bd2
Bxc3 15. Bxc3 Qd7 16. Qg4 Re8 17. Rae1 Re6 18. Bb4 Nc6 19. Bc5 Rae8 20. Nd6 Rd8
21. Rxe6 Qxe6 22. Qxe6 fxe6 23. Nxb7 Rb8 24. c3 h6 25. Nd6 Rxb2 26. Rf8+ Kh7
27. a3 Bd3 28. Nc8 Rb1+ 29. Kf2 Rb2+ 30. Kg3 a6 31. Rf3 Be4 32. Rf2 Rb3 33. Nd6
Rxc3+ 34. Kf4 e5+ 35. Kg4 exd4 36. Bb4 Nxb4 37. axb4 Rb3 38. Re2 d3 39. Rd2
Rxb4 40. Nf5 Bxg2+ 41. Kg3 Be4 42. Ne3 g5 43. Nd1 a5 44. Nc3 a4 45. Ra2 Rb3 46.
Nxa4 d2+ 47. Kf2 d1=Q 0-1

[Event "25. Torneo San Viator 2015 - Torneo B"]
[Site "Madrid ESP"]
[Date "2015.10.04"]
[Round "1.10"]
[White "Martinez Sanz, Ignacio"]
[Black "Comeron Galan, Daniel"]
[Result "1-0"]
[WhiteElo "1644"]
[BlackElo "1356"]
[PlyCount "93"]
[EventDate "2015.10.04"]
[EventType "swiss"]
[EventRounds "9"]
[EventCountry "ESP"]
[Source "lmi"]
[SourceDate "2015.10.04"]

1. d4 d5 2. Nf3 e6 3. e3 Nf6 4. c4 Be7 5. Nc3 Nbd7 6. Bd3 dxc4 7. Bxc4 b6 8. a3
a5 9. O-O O-O 10. Bd2 Bb7 11. Rc1 Ne4 12. Bd3 Nxc3 13. Bxc3 Nf6 14. Ne5 Nd7 15.
Nxd7 Qxd7 16. Qg4 Bf6 17. Rfd1 Qe7 18. Qg3 Rfe8 19. Rc2 Rac8 20. Be2 Qd6 21.
Bf3 Qxg3 22. hxg3 Bxf3 23. gxf3 c5 24. Rdc1 cxd4 25. Bxd4 Rxc2 26. Rxc2 Bxd4
27. exd4 h6 28. Rc6 Rb8 29. Kf1 Kf8 30. Ke2 Ke8 31. Rc7 Rd8 32. Ke3 Rd7 33. Rc6
Rb7 34. b4 axb4 35. axb4 Kd7 36. b5 Kd8 37. Ke4 Ke7 38. f4 Kf6 39. d5 Ke7 40.
d6+ Kd7 41. f5 exf5+ 42. Kxf5 Rb8 43. Ke5 Re8+ 44. Kd5 Re2 45. Rc7+ Ke8 46. Kc6
Re6 47. Rc8# 1-0

[Event "25. Torneo San Viator 2015 - Torneo B"]
[Site "Madrid ESP"]
[Date "2015.10.04"]
[Round "1.11"]
[White "Carnero Barbulo, Daniel"]
[Black "Bellagamba, Pascal"]
[Result "0-1"]
[WhiteElo "1346"]
[BlackElo "1643"]
[PlyCount "104"]
[EventDate "2015.10.04"]
[EventType "swiss"]
[EventRounds "9"]
[EventCountry "ESP"]
[Source "lmi"]
[SourceDate "2015.10.04"]

1. d4 Nf6 2. c4 g6 3. Nc3 Bg7 4. e4 d6 5. Nf3 O-O 6. h3 c6 7. Bd3 Qc7 8. O-O
Nbd7 9. Bf4 Nh5 10. Be3 e5 11. d5 a6 12. g3 Ndf6 13. Qd2 Bxh3 14. Rfe1 Qc8 15.
Ng5 Nf4 16. Bf1 c5 17. Bxf4 exf4 18. Bxh3 Qd8 19. Qxf4 Nh5 20. Qg4 Nf6 21. Qf3
h6 22. e5 Ne8 23. Nge4 Bxe5 24. Kg2 f5 25. Nd2 Qf6 26. Ne2 g5 27. Qxf5 Qxf5 28.
Bxf5 Rxf5 29. Rab1 Ng7 30. g4 Rf7 31. Rh1 Kh7 32. b3 Re8 33. Rh3 Kg6 34. Nf3
Bf6 35. Rbh1 Rh8 36. Nd2 Re7 37. Kf3 Be5 38. Ne4 Rf7+ 39. Kg2 h5 40. gxh5+ Rxh5
41. N2g3 Rxh3 42. Rxh3 b5 43. Rh8 bxc4 44. bxc4 Rb7 45. Rg8 Rb6 46. Kf3 Kf7 47.
Ra8 Kg6 48. Kg4 Rb4 49. Nd2 Ra4 50. Nde4 Rxc4 51. f4 gxf4 52. Rd8 fxg3 0-1

[Event "25. Torneo San Viator 2015 - Torneo B"]
[Site "Madrid ESP"]
[Date "2015.10.04"]
[Round "1.12"]
[White "Rodriguez Larrinaga, Mikel"]
[Black "Bustos Bernardo, Diego"]
[Result "0-1"]
[WhiteElo "1638"]
[BlackElo "1343"]
[PlyCount "60"]
[EventDate "2015.10.04"]
[EventType "swiss"]
[EventRounds "9"]
[EventCountry "ESP"]
[Source "lmi"]
[SourceDate "2015.10.04"]

1. b3 d5 2. Bb2 e6 3. Nf3 Nf6 4. e3 Be7 5. c4 Nbd7 6. Be2 O-O 7. O-O b6 8. cxd5
exd5 9. d3 Bb7 10. Nbd2 c5 11. a3 Ng4 12. Rc1 Bf6 13. Bxf6 Qxf6 14. d4 Qh6 15.
Bb5 Bc6 16. Bxc6 Qxc6 17. Ng5 Nh6 18. Qc2 Qg6 19. Qxg6 hxg6 20. h3 Nf5 21. Ngf3
Rfe8 22. Rc2 cxd4 23. Nxd4 Nc5 24. Rfc1 Nxd4 25. exd4 Nd3 26. Rd1 Re2 27. Rc3
Nb2 28. Rdc1 Rxd2 29. Kf1 Nd3 30. b4 Nxc1 0-1

[Event "25. Torneo San Viator 2015 - Torneo B"]
[Site "Madrid ESP"]
[Date "2015.10.04"]
[Round "1.13"]
[White "Perez Perez, Marta"]
[Black "Blanco Ruiz, Cesar"]
[Result "1-0"]
[WhiteElo "1338"]
[BlackElo "1630"]
[PlyCount "111"]
[EventDate "2015.10.04"]
[EventType "swiss"]
[EventRounds "9"]
[EventCountry "ESP"]
[Source "lmi"]
[SourceDate "2015.10.04"]

1. e4 e6 2. d4 d5 3. Nd2 Nf6 4. e5 Ng8 5. Bd3 c5 6. c3 Nc6 7. Ne2 Nh6 8. Nf3
Nf5 9. Bxf5 exf5 10. O-O cxd4 11. cxd4 Be7 12. a3 O-O 13. Re1 Be6 14. Qd3 Re8
15. Ng3 Qd7 16. Ng5 h6 17. Nxe6 fxe6 18. Ne2 Rac8 19. Qg3 Kh7 20. Bd2 g5 21.
Rac1 Rg8 22. Qh3 Qd8 23. Rb1 Rg6 24. Qd3 Qb6 25. Rec1 Rgg8 26. Kh1 Rc7 27. Bc3
Rgc8 28. Kg1 Na5 29. Bxa5 Qxa5 30. Rxc7 Rxc7 31. h3 Rc4 32. Kh2 Qc7 33. Nc3 a6
34. Kg3 b5 35. Ne2 b4 36. axb4 Bxb4 37. Kh2 Rc2 38. Qxa6 Rxe2 39. Qxe2 Qa5 40.
Qc2 Bd2 41. Kh1 h5 42. g4 hxg4 43. hxg4 Bf4 44. gxf5 exf5 45. Qxf5+ Kg8 46. Qc2
Qa7 47. Qg6+ Kh8 48. Qd3 Kg8 49. e6 Qg7 50. Kg2 Kf8 51. Qf5+ Ke8 52. Qxd5 Qg6
53. Qd7+ Kf8 54. e7+ Kg7 55. e8=Q+ Kh6 56. Rh1+ 1-0

[Event "25. Torneo San Viator 2015 - Torneo B"]
[Site "Madrid ESP"]
[Date "2015.10.04"]
[Round "1.14"]
[White "Mateos Cordero, Francisco"]
[Black "Jimenez Sanchez, Juan Daniel"]
[Result "1-0"]
[WhiteElo "1627"]
[BlackElo "1331"]
[PlyCount "73"]
[EventDate "2015.10.04"]
[EventType "swiss"]
[EventRounds "9"]
[EventCountry "ESP"]
[Source "lmi"]
[SourceDate "2015.10.04"]

1. d4 e6 2. Nf3 Nf6 3. c4 d5 4. e3 c5 5. Nc3 cxd4 6. exd4 Bb4 7. Qc2 O-O 8. Bg5
Nbd7 9. Bd3 Qc7 10. Bxf6 Nxf6 11. c5 h6 12. a3 Bxc3+ 13. bxc3 Bd7 14. O-O Rac8
15. Rfc1 Bc6 16. Ne5 Be8 17. a4 Bc6 18. Qe2 a6 19. Rcb1 Ne4 20. Bxe4 dxe4 21.
Nxc6 Qxc6 22. Rb6 Qd5 23. Rab1 Rc7 24. Rd6 Qf5 25. Rdb6 e3 26. fxe3 Qe4 27. Rd1
f5 28. Qd3 Qd5 29. c4 Qd7 30. Rdb1 Rb8 31. Qb3 f4 32. Rxa6 fxe3 33. Rd6 Qe8 34.
Qxe3 Re7 35. Re1 Qxa4 36. Rxe6 Rbe8 37. Rxe7 1-0

[Event "25. Torneo San Viator 2015 - Torneo B"]
[Site "Madrid ESP"]
[Date "2015.10.04"]
[Round "1.15"]
[White "Garcia Pardo, Maria Del Carmen"]
[Black "Cabello Rodriguez, Raul"]
[Result "1/2-1/2"]
[WhiteElo "1322"]
[BlackElo "1615"]
[PlyCount "41"]
[EventDate "2015.10.04"]
[EventType "swiss"]
[EventRounds "9"]
[EventCountry "ESP"]
[Source "lmi"]
[SourceDate "2015.10.04"]

1. e4 e6 2. d4 d5 3. exd5 exd5 4. Bd3 Nf6 5. Bf4 Be7 6. Nf3 Bg4 7. Nbd2 Nc6 8.
c3 a6 9. O-O O-O 10. Re1 Re8 11. Qc2 g6 12. h3 Be6 13. Ne5 Nxe5 14. Bxe5 Bd6
15. Nf3 Bxe5 16. Nxe5 Nd7 17. Qd2 Qf6 18. Qh6 Nxe5 19. Rxe5 Qg7 20. Qxg7+ Kxg7
21. Rae1 1/2-1/2

[Event "25. Torneo San Viator 2015 - Torneo B"]
[Site "Madrid ESP"]
[Date "2015.10.04"]
[Round "1.16"]
[White "Corral Sanchez, Jesus"]
[Black "Hernandez Herrera, Rodolfo"]
[Result "1/2-1/2"]
[WhiteElo "1613"]
[BlackElo "1300"]
[PlyCount "64"]
[EventDate "2015.10.04"]
[EventType "swiss"]
[EventRounds "9"]
[EventCountry "ESP"]
[Source "lmi"]
[SourceDate "2015.10.04"]

1. d4 d5 2. Bf4 Nf6 3. h3 Bf5 4. Nf3 Nc6 5. e3 e6 6. Bd3 Bxd3 7. Qxd3 Ne4 8.
O-O Be7 9. a3 O-O 10. Nbd2 f5 11. Ne5 Nxe5 12. Bxe5 Bd6 13. Bxd6 Qxd6 14. Nf3
Qe7 15. Qe2 Kh8 16. Rac1 Rf6 17. c4 g5 18. Ne5 Rg8 19. cxd5 exd5 20. Qb5 c6 21.
Qb4 Qxb4 22. axb4 Nd2 23. Rfd1 Ne4 24. Rc2 f4 25. Ng4 Rff8 26. exf4 gxf4 27. f3
Nd6 28. Re2 Re8 29. Rde1 Rxe2 30. Rxe2 Re8 31. Ne5 Kg7 32. Kf2 h6 1/2-1/2

[Event "25. Torneo San Viator 2015 - Torneo B"]
[Site "Madrid ESP"]
[Date "2015.10.04"]
[Round "1.17"]
[White "Lopez Nunez, Alonso"]
[Black "Cabezas Lopez, Mercedes"]
[Result "0-1"]
[WhiteElo "1283"]
[BlackElo "1605"]
[PlyCount "54"]
[EventDate "2015.10.04"]
[EventType "swiss"]
[EventRounds "9"]
[EventCountry "ESP"]
[Source "lmi"]
[SourceDate "2015.10.04"]

1. e4 c5 2. Nf3 Nc6 3. d4 cxd4 4. Nxd4 e5 5. Nb3 Nf6 6. Nc3 Bb4 7. Bd3 d5 8.
Bd2 Bxc3 9. Bxc3 dxe4 10. Bb5 Bd7 11. Bxc6 Bxc6 12. Bxe5 Qe7 13. Bf4 O-O 14.
O-O Nd5 15. Bd2 Rad8 16. Qe2 Rfe8 17. Rfe1 b6 18. Qa6 Ba8 19. Qe2 Rd6 20. c4 e3
21. fxe3 Nf4 22. Qf1 Nxg2 23. Re2 Rg6 24. Rxg2 Bxg2 25. Qf2 Bh3+ 26. Kh1 Qe4+
27. Qg2 Qxg2# 0-1

[Event "25. Torneo San Viator 2015 - Torneo B"]
[Site "Madrid ESP"]
[Date "2015.10.04"]
[Round "1.18"]
[White "Hidalgo Prado, David"]
[Black "Diaz Del Prado, Carlos"]
[Result "0-1"]
[WhiteElo "1597"]
[BlackElo "1279"]
[PlyCount "72"]
[EventDate "2015.10.04"]
[EventType "swiss"]
[EventRounds "9"]
[EventCountry "ESP"]
[Source "lmi"]
[SourceDate "2015.10.04"]

1. e4 g6 2. d4 Bg7 3. Nc3 d6 4. f4 Nf6 5. h3 O-O 6. Nf3 c5 7. Be3 Qa5 8. Qd2 a6
9. a3 Nbd7 10. g4 b5 11. Ne2 Qxd2+ 12. Nxd2 Bb7 13. Bg2 Rfd8 14. Ng3 e6 15. g5
Ne8 16. Nf3 Rac8 17. O-O-O d5 18. e5 c4 19. h4 Bf8 20. c3 a5 21. Kc2 Bc6 22.
Ra1 Ra8 23. Nh2 Rdb8 24. Ng4 b4 25. axb4 axb4 26. Rxa8 Rxa8 27. Nf6+ Nexf6 28.
gxf6 Ra2 29. Kb1 Ra8 30. Bd2 bxc3 31. Bxc3 Nb6 32. Nf1 Rb8 33. Nd2 Na4 34. Kc2
Nxc3 35. Nxc4 Ba4+ 36. Kxc3 dxc4 0-1

[Event "25. Torneo San Viator 2015 - Torneo B"]
[Site "Madrid ESP"]
[Date "2015.10.04"]
[Round "1.19"]
[White "Tenorio Garcia, Joel"]
[Black "Valdes Sanchez, Jesus Manuel"]
[Result "0-1"]
[WhiteElo "1277"]
[BlackElo "1594"]
[PlyCount "56"]
[EventDate "2015.10.04"]
[EventType "swiss"]
[EventRounds "9"]
[EventCountry "ESP"]
[Source "lmi"]
[SourceDate "2015.10.04"]

1. e4 e5 2. Nf3 Nc6 3. Bc4 Nf6 4. Ng5 d5 5. exd5 Nxd5 6. Nxf7 Kxf7 7. Qf3+ Ke6
8. Nc3 Nce7 9. d3 h6 10. d4 c6 11. O-O Ng6 12. Qg4+ Kf6 13. dxe5+ Nxe5 14. Qh4+
g5 15. Ne4+ Kg7 16. Nxg5 hxg5 17. Qd4 Qf6 18. Qe4 Nxc4 19. Qxc4 Bd6 20. g3 Bh3
21. Be3 Nxe3 22. fxe3 Bxf1 23. Rxf1 Qe7 24. Qd4+ Be5 25. Qe4 Raf8 26. Rd1 Rxh2
27. Kxh2 Bxg3+ 28. Kxg3 Qxe4 0-1

[Event "25. Torneo San Viator 2015 - Torneo B"]
[Site "Madrid ESP"]
[Date "2015.10.04"]
[Round "1.20"]
[White "Castro Uceda, Jose Antonio"]
[Black "Fogue Angelina, Hugo"]
[Result "1/2-1/2"]
[WhiteElo "1582"]
[BlackElo "1273"]
[PlyCount "118"]
[EventDate "2015.10.04"]
[EventType "swiss"]
[EventRounds "9"]
[EventCountry "ESP"]
[Source "lmi"]
[SourceDate "2015.10.04"]

1. d4 d5 2. c4 c6 3. e3 Bf5 4. Nc3 Nf6 5. Nf3 e6 6. Bd3 Bxd3 7. Qxd3 Nbd7 8.
O-O Be7 9. c5 O-O 10. Re1 Rc8 11. e4 dxe4 12. Nxe4 Nxe4 13. Qxe4 Nf6 14. Qe5
Qd5 15. Qg3 Kh8 16. b3 Rfd8 17. Bb2 h6 18. Ne5 Rf8 19. Rad1 Rcd8 20. Re3 Bxc5
21. Red3 Bd6 22. Qh3 Qa5 23. a4 Nd5 24. Qf3 Nf6 25. g4 Kg8 26. h4 Bxe5 27. dxe5
Rxd3 28. Rxd3 Qe1+ 29. Kg2 Nh7 30. Rd7 Qb4 31. Bc1 f6 32. Qe3 Qxg4+ 33. Qg3
Qxg3+ 34. Kxg3 Rf7 35. Rd6 Re7 36. Rd8+ Kf7 37. f4 Nf8 38. Ba3 Re8 39. Rd6 Rc8
40. Kg4 fxe5 41. fxe5 g6 42. Bc1 Kg7 43. Be3 a6 44. Bc5 Rc7 45. Rd8 Rf7 46. Bd6
h5+ 47. Kg3 Rf5 48. Rb8 Rf7 49. b4 Nh7 50. Re8 Nf8 51. Bxf8+ Rxf8 52. Rxe6 Kf7
53. Rd6 Re8 54. Rf6+ Kg7 55. Kf4 Re7 56. Rd6 Rf7+ 57. Ke4 Re7 58. a5 Kf7 59.
Rf6+ Kg7 1/2-1/2

[Event "25. Torneo San Viator 2015 - Torneo B"]
[Site "Madrid ESP"]
[Date "2015.10.04"]
[Round "1.21"]
[White "Perez Ramos, Miguel Angel"]
[Black "Ramos Antona, Enrique"]
[Result "0-1"]
[WhiteElo "1256"]
[BlackElo "1577"]
[PlyCount "102"]
[EventDate "2015.10.04"]
[EventType "swiss"]
[EventRounds "9"]
[EventCountry "ESP"]
[Source "lmi"]
[SourceDate "2015.10.04"]

1. e4 c5 2. c3 g6 3. Nf3 Bg7 4. Bc4 Nc6 5. O-O Na5 6. Be2 d6 7. d4 Qc7 8. Na3
a6 9. c4 Nc6 10. Be3 cxd4 11. Bxd4 Nxd4 12. Nxd4 Nf6 13. f3 O-O 14. Rc1 Qb6 15.
b3 e5 16. c5 dxc5 17. Nc4 Qc7 18. Nc2 Rd8 19. Qe1 b6 20. Qg3 Nh5 21. Qf2 Nf4
22. Rfd1 Be6 23. N4e3 Nxe2+ 24. Qxe2 b5 25. Rd2 Rxd2 26. Qxd2 Rd8 27. Qe2 Qa5
28. Rd1 Bf6 29. Rxd8+ Qxd8 30. Qd1 Qxd1+ 31. Nxd1 Kf8 32. Nde3 Ke7 33. Kf2 Kd6
34. g3 Bd8 35. Ne1 Bb6 36. Ke2 c4 37. b4 Bd4 38. N1c2 f5 39. exf5 gxf5 40. Nxd4
exd4 41. Nf1 c3 42. Kd3 Bc4+ 43. Kxd4 c2 44. Ne3 c1=Q 45. Nxf5+ Kd7 46. Kc5
Qg1+ 47. Nd4 Bxa2 48. f4 Qc1+ 49. Kb6 Qc4 50. Ne6 Qc6+ 51. Ka5 Bxe6 0-1

[Event "25. Torneo San Viator 2015 - Torneo B"]
[Site "Madrid ESP"]
[Date "2015.10.04"]
[Round "1.22"]
[White "Fogue Caro, David"]
[Black "Arevalo Estriegana, Jorge"]
[Result "1-0"]
[WhiteElo "1568"]
[BlackElo "1250"]
[PlyCount "103"]
[EventDate "2015.10.04"]
[EventType "swiss"]
[EventRounds "9"]
[EventCountry "ESP"]
[Source "lmi"]
[SourceDate "2015.10.04"]

1. c4 e5 2. Nc3 Nf6 3. g3 d5 4. cxd5 Nxd5 5. Bg2 Be6 6. Nf3 Nc6 7. a3 Bc5 8. d3
h6 9. O-O Qd7 10. Qc2 Bb6 11. Rb1 f6 12. b4 a6 13. Bd2 Nxc3 14. Bxc3 Bh3 15.
Nh4 Bxg2 16. Nxg2 Bd4 17. e3 Bxc3 18. Qxc3 Rd8 19. Rfd1 O-O 20. Rd2 e4 21. Qc4+
Qd5 22. Qxd5+ Rxd5 23. d4 Ne5 24. Ne1 Nc4 25. Ra2 g5 26. a4 c6 27. Rc1 b5 28.
a5 f5 29. Nc2 f4 30. Na3 fxe3 31. Nxc4 exf2+ 32. Rxf2 Rxf2 33. Kxf2 bxc4 34.
Rxc4 Rd6 35. Ke3 Re6 36. Rc5 Kf7 37. Re5 Re7 38. Rxe7+ Kxe7 39. Kxe4 Ke6 40. g4
Kd6 41. h3 Ke6 42. Kd3 Kd5 43. Kc3 Kd6 44. Kc4 Kd7 45. Kc5 Kc7 46. d5 cxd5 47.
Kxd5 Kd7 48. Kc5 Kc7 49. b5 axb5 50. Kxb5 Kb7 51. a6+ Ka7 52. Kc6 1-0

[Event "25. Torneo San Viator 2015 - Torneo B"]
[Site "Madrid ESP"]
[Date "2015.10.04"]
[Round "1.23"]
[White "Rivera Rodriguez, Luis Fernand"]
[Black "Mora Gonzalez-Rojas, Francisco"]
[Result "1/2-1/2"]
[WhiteElo "1245"]
[BlackElo "1557"]
[PlyCount "157"]
[EventDate "2015.10.04"]
[EventType "swiss"]
[EventRounds "9"]
[EventCountry "ESP"]
[Source "lmi"]
[SourceDate "2015.10.04"]

1. e4 e5 2. Nf3 d6 3. Bc4 h6 4. c3 Nf6 5. d3 Bg4 6. h3 Bh5 7. Nbd2 Be7 8. Nf1
O-O 9. Ng3 Bg6 10. Be3 Nc6 11. O-O a6 12. Qc2 Na5 13. Bb3 Nxb3 14. axb3 Nh5 15.
b4 Nxg3 16. fxg3 Bf6 17. Nh2 d5 18. Ng4 h5 19. Nxf6+ gxf6 20. exd5 Qxd5 21.
Rxf6 Qxd3 22. Qxd3 Bxd3 23. Rd1 Kg7 24. Bh6+ Kxf6 25. Bxf8 e4 26. Bc5 Re8 27.
Be3 Kf5 28. Kf2 c6 29. b3 Rd8 30. c4 Ra8 31. Rd2 a5 32. b5 cxb5 33. cxb5 a4 34.
bxa4 Rxa4 35. b6 Rc4 36. Bf4 Rc2 37. Rxc2 Bxc2 38. Ke3 Bd3 39. Bc7 Bf1 40. Kf2
Bd3 41. Bd8 Bc2 42. Bc7 Bd3 43. Bf4 Bc2 44. Be3 Bd3 45. Ke1 Bc2 46. Kf2 Bd3 47.
Kg1 Be2 48. Kh2 Bd1 49. h4 Bg4 50. Kg1 Be2 51. Kh2 Bg4 52. Bd2 Ke5 53. Be3 Kd5
54. Kg1 Kc4 55. Kf2 Kd3 56. Bg5 Bd1 57. Bc1 Bg4 58. Be3 Be2 59. Bd4 f5 60. Be3
Bg4 61. Bf4 Be2 62. Bh6 Bd1 63. Bg5 Bg4 64. Be3 Be2 65. Bc5 Kd2 66. Bb4+ Kd3
67. Bc5 Bd1 68. Ke1 Bg4 69. Kf2 Be2 70. Be3 Bg4 71. Bf4 Be2 72. Bc1 Bd1 73. Be3
Bg4 74. Bc5 Be2 75. Be3 Bg4 76. Bf4 Be2 77. Bc1 Bg4 78. Bf4 Be2 79. Bg5 1/2-1/2